| 000 | 00568nam a2200205 i 4500 | ||
|---|---|---|---|
| 001 | 126668 | ||
| 003 | ES-MaACL | ||
| 005 | 20250523063405.0 | ||
| 007 | t| | ||
| 008 | 070214s1967 sp r ||||1| spa d | ||
| 080 | _a821.134.2-23"19" | ||
| 100 | 1 |
_aResino, Carmen _996330 |
|
| 245 | 1 | 3 |
_aEl presidente : _btragedia en tres actos / _cCarmen Resino. |
| 260 |
_aMadrid : _bQuevedo, _c1967. |
||
| 300 |
_a212 p. ; _c18 cm. |
||
| 852 | 4 |
_aES-MaACL _jC-34843 |
|
| 852 | 4 |
_aES-MaACL _jC-36248 |
|
| 852 | 4 |
_aES-MaACL _jC-36260 |
|
| 999 |
_c126668 _d126668 |
||